MLB 2023 Starting Lineups - Statistics

General Stats
  • This quiz has been taken 1,402 times
  • The average score is 121 of 299
Answer Stats
Team Position Number Player % Correct
Braves RF 13 Ronald Acuña Jr.
83%
Diamondbacks 2B 4 Ketel Marte
78%
Mets RF 6 Starling Marte
78%
Braves 1B 28 Matt Olson
77%
Braves 3B 27 Austin Riley
74%
Braves 2B 1 Ozzie Albies
74%
Yankees CF 99 Aaron Judge
73%
Rangers LF 47 Josh H. Smith
72%
Dodgers RF 50 Mookie Betts
72%
Angels DH/P 17 Shohei Ohtani
72%
Dodgers C 16 Will Smith
72%
Nationals 1B 22 Dominic Smith
71%
Dodgers 1B 5 Freddie Freeman
71%
Red Sox DH 2 Justin Turner
71%
Angels CF 27 Mike Trout
71%
Phillies SS 7 Trea Turner
71%
Orioles CF 31 Cedric Mullins
67%
Braves CF 23 Michael Harris II
67%
Diamondbacks 1B 53 Christian Walker
66%
Brewers LF 22 Christian Yelich
66%
Guardians DH 55 Josh Bell
66%
Mariners CF 44 Julio Rodríguez
66%
White Sox SS 7 Tim Anderson
66%
Astros LF 44 Yordan Álvarez
66%
Orioles C 35 Adley Rutschman
65%
Brewers RF 9 Brian Anderson
65%
Diamondbacks CF 7 Corbin Carroll
65%
Tigers P 57 Eduardo Rodríguez
65%
Cardinals RF 18 Jordan Walker
65%
Braves P 54 Max Fried
65%
Mets 1B 20 Pete Alonso
65%
Braves C 12 Sean Murphy
65%
Red Sox 3B 11 Rafael Devers
64%
Yankees 1B 48 Anthony Rizzo
63%
Cubs SS 7 Dansby Swanson
63%
Yankees RF 27 Giancarlo Stanton
63%
Diamondbacks P 23 Zac Gallen
63%
Astros 3B 2 Alex Bregman
62%
Yankees P 45 Gerrit Cole
62%
Padres 3B 13 Manny Machado
62%
Marlins LF 14 Bryan De La Cruz
61%
Mets SS 12 Francisco Lindor
61%
Rays DH 43 Harold Ramírez
61%
Astros 1B 79 José Abreu
61%
Guardians 3B 11 José Ramírez
61%
Blue Jays 1B 27 Vladimir Guerrero Jr.
61%
Cubs CF 24 Cody Bellinger
60%
Braves LF 20 Marcell Ozuna
60%
Cardinals C 40 Willson Contreras
60%
Rangers SS 5 Corey Seager
59%
Phillies C 10 J.T. Realmuto
59%
Dodgers P 7 Julio Urías
59%
White Sox CF 88 Luis Robert Jr.
59%
Cardinals 1B 46 Paul Goldschmidt
59%
Phillies P 27 Aaron Nola
58%
Padres C 26 Austin Nola
58%
Royals SS 7 Bobby Witt Jr.
58%
Blue Jays SS 11 Bo Bichette
58%
Twins SS 4 Carlos Correa
58%
Astros SS 3 Jeremy Peña
58%
Padres LF 22 Juan Soto
58%
Phillies DH 12 Kyle Schwarber
58%
Astros RF 30 Kyle Tucker
58%
Brewers 3B 2 Luis Urías
58%
Mets P 21 Max Scherzer
58%
Orioles 3B 29 Ramón Urías
58%
Cardinals 3B 28 Nolan Arenado
57%
Pirates SS 15 Oneil Cruz
57%
Giants C 1 Roberto Pérez
57%
Royals C 13 Salvador Pérez
57%
Brewers P 39 Corbin Burnes
56%
Tigers DH 24 Miguel Cabrera
56%
Angels 3B 6 Anthony Rendon
55%
Red Sox 2B 5 Enrique Hernández
55%
Yankees LF 95 Oswaldo Cabrera
55%
Mariners RF 35 Teoscar Hernández
55%
Braves SS 11 Orlando Arcia
54%
Rangers CF 53 Adolis García
53%
Red Sox RF 99 Alex Verdugo
53%
Yankees SS 11 Anthony Volpe
53%
Marlins RF 24 Avisaíl García
53%
Rangers P 48 Jacob deGrom
53%
Dodgers DH 28 J.D. Martinez
53%
Mets 2B 1 Jeff McNeil
53%
Nationals 2B 2 Luis García
53%
Rangers 2B 2 Marcus Semien
53%
Padres SS 2 Xander Bogaerts
53%
Pirates 2B 3 Ji-Hwan Bae
52%
Diamondbacks LF 12 Lourdes Gurriel Jr.
52%
Dodgers 3B 13 Max Muncy
52%
Orioles 1B 6 Ryan Mountcastle
52%
Phillies 3B 28 Alec Bohm
51%
Athletics SS 12 Aledmys Díaz
51%
Orioles RF 25 Anthony Santander
51%
Mets CF 9 Brandon Nimmo
51%
Rockies 1B 25 C.J. Cron
51%
Rockies C 35 Elías Díaz
51%
Astros P 59 Framber Valdez
51%
Blue Jays RF 4 George Springer
51%
Yankees 3B 28 Josh Donaldson
51%
Rays SS 5 Wander Franco
51%
Brewers C 24 William Contreras
51%
Brewers SS 27 Willy Adames
51%
Astros DH 21 Yainer Díaz
51%
Rays 1B 2 Yandy Díaz
51%
Giants SS 35 Brandon Crawford
50%
Twins DH 25 Byron Buxton
50%
Orioles DH 2 Gunnar Henderson
50%
Mariners SS 3 J.P. Crawford
50%
Cubs P 0 Marcus Stroman
50%
Tigers SS 28 Javier Baéz
49%
Rockies RF 23 Kris Bryant
49%
Rays 2B 8 Brandon Lowe
48%
White Sox P 84 Dylan Cease
48%
Reds 2B 6 Jonathan India
48%
Blue Jays 3B 26 Matt Chapman
48%
Rangers 1B 30 Nathaniel Lowe
48%
Rays LF 56 Randy Arozarena
48%
Marlins P 22 Sandy Alcántara
48%
Guardians P 57 Shane Bieber
48%
Blue Jays C 30 Alejandro Kirk
47%
Guardians SS 1 Amed Rosario
47%
Padres P 4 Blake Snell
47%
Marlins CF 2 Jazz Chisholm Jr.
47%
Phillies RF 8 Nicholas Castellanos
47%
Pirates CF 10 Bryan Reynolds
46%
Yankees 2B 26 DJ LeMahieu
46%
Yankees DH 25 Gleyber Torres
46%
Cubs 2B 2 Nico Hoerner
46%
Braves DH 16 Travis d'Arnaud
46%
Padres 2B 7 Ha-Seong Kim
45%
Reds P 21 Hunter Greene
45%
Cubs LF 8 Ian Happ
45%
Marlins 2B 3 Luis Arráez
45%
Tigers CF 31 Riley Greene
45%
Brewers 1B 11 Rowdy Tellez
45%
Rockies DH 19 Charlie Blackmon
44%
White Sox DH 74 Eloy Jiménez
44%
Guardians LF 38 Steven Kwan
43%
Guardians 2B 0 Andrés Giménez
42%
Padres 1B 9 Jake Cronenworth
42%
Orioles SS 3 Jorge Mateo
42%
White Sox C 24 Yasmani Grandal
42%
Phillies CF 16 Brandon Marsh
41%
Phillies 2B 5 Bryson Stott
41%
Mariners 3B 28 Eugenio Suárez
41%
Diamondbacks 3B 3 Evan Longoria
41%
Mariners 2B 16 Kolten Wong
41%
Astros C 15 Martín Maldonado
41%
Twins CF 2 Michael A. Taylor
41%
Blue Jays P 6 Alek Manoah
40%
Pirates DH 22 Andrew McCutchen
40%
Orioles LF 21 Austin Hays
40%
Mariners P 58 Luis Castillo
40%
Dodgers SS 11 Miguel Rojas
40%
Rangers C 28 Jonah Heim
39%
Pirates 3B 13 Ke'Bryan Hayes
39%
Tigers 1B 20 Spencer Torkelson
39%
Mariners 1B 23 Ty France
39%
White Sox 3B 10 Yoán Moncada
39%
Mariners C 29 Cal Raleigh
38%
Marlins DH 12 Jorge Soler
38%
Yankees C 39 Jose Trevino
38%
Guardians 1B 22 Josh Naylor
38%
Nationals RF 28 Lane Thomas
38%
Twins P 49 Pablo López
38%
Padres CF 1 Trent Grisham
38%
White Sox 1B 25 Andrew Vaughn
37%
Mets DH 32 Daniel Vogelbach
37%
Blue Jays LF 25 Daulton Varsho
37%
Athletics CF 1 Esteury Ruiz
37%
Angels RF 12 Hunter Renfroe
37%
Rangers 3B 6 Josh Jung
37%
Nationals C 20 Keibert Ruiz
37%
Giants P 62 Logan Webb
37%
Twins RF 26 Max Kepler
37%
Cardinals SS 19 Tommy Edman
37%
Royals P 23 Zack Greinke
37%
Dodgers CF 33 James Outman
36%
Nationals P 46 Patrick Corbin
36%
Cubs 3B 16 Patrick Wisdom
36%
Red Sox 1B 36 Triston Casas
36%
Diamondbacks C 14 Gabriel Moreno
35%
Red Sox LF 7 Masataka Yoshida
35%
Rays P 18 Shane McClanahan
35%
Angels LF 3 Taylor Ward
34%
Orioles 2B 12 Adam Frazier
33%
Blue Jays DH 13 Brandon Belt
33%
Pirates 1B 41 Carlos Santana
33%
Mets 3B 10 Eduardo Escobar
33%
Giants DH 23 Joc Pederson
33%
Cardinals P 39 Miles Mikolas
33%
Athletics 2B 5 Tony Kemp
33%
Cubs C 15 Yan Gomes
33%
Blue Jays CF 39 Kevin Kiermaier
32%
Blue Jays 2B 15 Whit Merrifield
32%
White Sox LF 23 Andrew Benintendi
31%
Nationals SS 5 CJ Abrams
31%
Cubs 1B 51 Eric Hosmer
31%
Orioles P 48 Kyle Gibson
31%
Rockies P 48 Germán Márquez
30%
Dodgers LF 6 David Peralta
29%
Guardians CF 7 Myles Straw
29%
Reds C 37 Tyler Stephenson
29%
Red Sox CF 18 Adam Duvall
28%
Angels C 14 Logan O'Hoppe
28%
Mets LF 19 Mark Canha
28%
Diamondbacks SS 13 Nick Ahmed
28%
Rockies 2B 24 Ryan McMahon
28%
Cubs DH 36 Trey Mancini
28%
Cardinals CF 27 Tyler O'Neill
28%
Twins 1B 13 Joey Gallo
27%
Cardinals LF 21 Lars Nootbaar
27%
Giants CF 5 Mike Yastrzemski
27%
Pirates P 23 Mitch Keller
27%
Brewers DH 33 Jesse Winker
26%
Royals 1B 9 Vinnie Pasquantino
26%
Red Sox P 28 Corey Kluber
25%
Diamondbacks DH 1 Kyle Lewis
25%
Padres DH 14 Matt Carpenter
25%
Dodgers 2B 17 Miguel Vargas
25%
White Sox SS 1 Elvis Andrus
24%
Marlins 1B 26 Garrett Cooper
24%
Marlins C 28 Jacob Stallings
24%
Giants 1B 31 LaMonte Wade Jr.
24%
Guardians C 10 Mike Zunino
24%
White Sox RF 12 Romy González
24%
Rays 3B 17 Isaac Paredes
23%
Giants RF 8 Michael Conforto
23%
Royals RF 1 MJ Melendez
23%
Athletics LF 15 Seth Brown
23%
Cardinals 2B 33 Brendan Donovan
22%
Mariners LF 10 Jarred Kelenic
22%
Marlins 3B 9 Jean Segura
22%
Athletics 1B 99 Jesús Aguilar
22%
Rays CF 22 José Siri
22%
Astros 2B 14 Mauricio Dubón
22%
Mets C 2 Omar Narváez
22%
Reds 3B 7 Spencer Steer
22%
Giants 3B 41 Wilmer Flores
22%
Twins C 8 Christian Vázquez
21%
Diamondbacks RF 31 Jake McCarthy
21%
Nationals 3B 9 Jeimer Candelario
21%
Nationals DH 45 Joey Meneses
21%
Angels 2B 2 Luis Rengifo
21%
Cardinals DH 16 Nolan Gorman
21%
Giants 2B 39 Thairo Estrada
21%
Angels 1B 23 Brandon Drury
20%
Phillies 1B 24 Darick Hall
20%
Angels SS 10 Gio Urshela
20%
Tigers 2B 7 Jonathan Schoop
20%
Nationals CF 16 Víctor Robles
20%
Pirates C 18 Austin Hedges
19%
Rays C 14 Christian Bethancourt
19%
Rockies SS 14 Ezequiel Tovar
19%
Pirates LF 65 Jack Suwinski
19%
Red Sox C 3 Reese McGuire
19%
Reds RF 4 Wil Myers
19%
Brewers 2B 0 Brice Turang
18%
Tigers C 13 Eric Haase
18%
Astros CF 6 Jake Meyers
18%
Rays RF 13 Manuel Margot
18%
Athletics C 23 Shea Langeliers
18%
Brewers CF 5 Garrett Mitchell
17%
Tigers LF 17 Austin Meadows
16%
Rangers DH 13 Brad Miller
16%
Red Sox SS 39 Christian Arroyo
16%
Royals DH 99 Franmil Reyes
16%
Royals 3B 17 Hunter Dozier
16%
Athletics 3B 6 Jace Peterson
16%
Phillies LF 44 Jake Cave
16%
Reds DH 27 Jake Fraley
16%
Athletics RF 22 Ramón Laureano
16%
Reds CF 29 TJ Friedl
16%
Padres RF 27 David Dahl
15%
Twins 2B 1 Nick Gordon
15%
Marlins SS 18 Joey Wendle
14%
Twins 3B 64 José Miranda
14%
Rangers RF 4 Robbie Grossman
14%
Tigers RF 8 Matt Vierling
13%
Rockies LF 30 Harold Castro
12%
Royals CF 28 Kyle Isbel
11%
Reds LF 30 Will Benson
11%
Nationals LF 17 Alex Call
10%
Athletics P 39 Kyle Muller
10%
Rockies CF 2 Yonathan Daza
10%
Twins LF 9 Trevor Larnach
9%
Rockies 3B 44 Elehuris Montero
8%
Royals 2B 19 Michael Massey
8%
Guardians RF 17 Will Brennan
8%
Giants LF 2 Blake Sabol
7%
Royals LF 14 Edward Olivares
7%
Cubs RF 20 Miles Mastrobuoni
7%
Mariners DH 4 Tommy La Stella
7%
Pirates RF 28 Canaan Smith-Njigba
5%
Reds 1B 32 Jason Vosler
5%
Reds SS 2 José Barrero
5%
Athletics DH 21 Conner Capel
3%
Tigers 3B 32 Ryan Kreidler
2%
No matching quizzes found
Score Distribution
Percent of People with Each Score
Percentile by Number Answered
Your Score History
You have not taken this quiz